000 00515nmm a2200193Ia 4500
008 251105s9999||||xx |||||||||||||||||und||
020 _a9788415410133
041 _aspa
100 _aKenyon, Sherrilyn
245 0 _aVerdad silenciada
264 _a[Madrid, España] :
_bTerciopelo,
_c2014
300 _a360 páginas
650 _aRomance
700 _aKenyon, Sherrilyn
700 1 _a Love, Dianna
700 1 _a Lambert, Violeta
856 _uhttps://public.digitaliapublishing.com/a/32520
942 _cCF
999 _c67441
_d67441